| 000 | 00737nam a22001337a 4500 | ||
|---|---|---|---|
| 040 | _cRUA | ||
| 082 | _aAGR YA 2013 B057 Or.1 | ||
| 100 | _aYA, PHAUK. | ||
| 245 | _aWeed controls on yield of sen pidao direct sown by thai seed drill at royal university of agriculture វិធានការកំចាត់ស្មៅចង្រៃលើទិន្នផល្រូវសែនពិដោរព្រោះដោយម៉ាស៊ីនឆូតដាំ នៅសាកលវិទ្យាល័យភូមិន្ទកសិកម្ម | ||
| 260 |
_aPhnom Penh _bRUA _c2013 |
||
| 300 |
_ax; 51p. _bill. _c29cm. |
||
| 856 | _uhttps://drive.google.com/file/d/1KCaFspilEBcfaiEmPR49VZUT5IUrDs74/view?usp=sharing | ||
| 942 | _cAGR | ||
| 999 |
_c1312 _d1312 |
||